[Event "4NCL 2014-15"]
[Site "Hinckley Island ENG"]
[Date "2015.01.10"]
[Round "3.121"]
[White "Flear, Glenn C"]
[Black "Weaving, Richard"]
[Result "1/2-1/2"]
[WhiteTitle "GM"]
[WhiteElo "2460"]
[BlackElo "2247"]
[WhiteTeam "Guildford 1"]
[BlackTeam "Warwickshire Select 1"]
[WhiteFideId "400165"]
[BlackFideId "401161"]
[EventDate "2014.11.15"]

1. d4 Nf6 2. c4 e6 3. Nf3 d5 4. Bg5 dxc4 5. Qa4+ Nbd7 6. e4 h6 7. Bxf6 Qxf6 8.
Nc3 c6 9. Qxc4 e5 10. d5 Nb6 11. Qb3 Be7 12. dxc6 bxc6 13. Be2 O-O 14. O-O Nd7
15. Na4 Nc5 16. Nxc5 Bxc5 17. Rac1 Bb6 18. Qc3 Bg4 19. Qxc6 Qxc6 20. Rxc6 Bxf3
21. Bxf3 Rad8 22. Rc2 Rd4 23. Rd1 Rfd8 24. Rxd4 Rxd4 25. Kf1 g6 26. g3 Kf8 27.
Ke2 Ke7 28. Bg2 Kd6 29. f3 Bc5 30. Bh3 Rb4 31. b3 Bd4 32. Ke1 a5 33. Bf1 Rb7 34.
Bc4 Rc7 35. Ke2 f6 36. Kd3 Bb6 37. f4 exf4 38. gxf4 g5 39. Rg2 Rd7 40. e5+ fxe5
41. fxg5 hxg5 42. Rxg5 Rh7 43. Rg2 Rh3+ 44. Ke4 Re3+ 45. Kf5 Rf3+ 46. Kg4 Rf2
47. Rxf2 Bxf2 48. h4 Ke7 49. Kg5 Kf8 50. h5 Kg7 51. Kf5 Bd4 52. Be2 1/2-1/2

[Event "4NCL 2014-15"]
[Site "Hinckley Island ENG"]
[Date "2015.01.10"]
[Round "3.122"]
[White "Lawton, Geoff W"]
[Black "Zhou, Yang-Fan"]
[Result "0-1"]
[WhiteTitle "IM"]
[BlackTitle "IM"]
[WhiteElo "2389"]
[BlackElo "2461"]
[WhiteTeam "Warwickshire Select 1"]
[BlackTeam "Guildford 2"]
[WhiteFideId "400483"]
[BlackFideId "468584"]
[EventDate "2014.11.15"]

1. e4 d5 2. exd5 Qxd5 3. Nf3 Nf6 4. d4 Bg4 5. Be2 e6 6. O-O c6 7. h3 Bh5 8. c4
Qd6 9. Nc3 Be7 10. Be3 Nbd7 11. Qd2 O-O 12. Rad1 Qc7 13. a3 Rad8 14. Bf4 Bd6 15.
Bxd6 Qxd6 16. b4 Rfe8 17. Qe3 Bxf3 18. Bxf3 Qc7 19. Be2 Nf8 20. f4 Re7 21. Bf3
Red7 22. Ne2 Ng6 23. Rc1 a5 24. Rb1 axb4 25. Rxb4 Nh4 26. Rfb1 Nf5 27. Qe5 Qc8
28. c5 Qa8 29. a4 Nh4 30. Qe3 Nxf3+ 31. Qxf3 Nd5 32. R4b2 g6 33. Ra1 Qa5 34. Kh2
Ra8 35. Kg1 Ra7 36. Qd3 h5 37. Qd2 Qd8 38. a5 Nc7 39. Rba2 Qf6 40. Qe3 Ra8 41.
Ra4 Rad8 42. Rb1 Nb5 43. Rbb4 Rd5 44. Rc4 Kg7 45. Rcb4 Ra8 46. Rc4 Qd8 47. Qd2
e5 48. fxe5 Rxe5 49. Qb2 Re8 50. a6 Rxa6 51. Rxa6 bxa6 52. Ra4 Qe7 53. Kf1 Qxe2+ 0-1

[Event "4NCL 2014-15"]
[Site "Hinckley Island ENG"]
[Date "2015.01.10"]
[Round "3.123"]
[White "Sarakauskas, Gediminas"]
[Black "Thomas, Nicholas"]
[Result "1-0"]
[WhiteTitle "IM"]
[BlackTitle "FM"]
[WhiteElo "2396"]
[BlackElo "2268"]
[WhiteTeam "Guildford 2"]
[BlackTeam "Warwickshire Select 1"]
[WhiteFideId "12800724"]
[BlackFideId "402117"]
[EventDate "2014.11.15"]

1. Nf3 e6 2. c4 f5 3. g3 Nf6 4. Bg2 Be7 5. O-O O-O 6. d4 d6 7. Nc3 Ne4 8. Nd2
Nxc3 9. bxc3 e5 10. c5 Nc6 11. cxd6 cxd6 12. Rb1 Qc7 13. Nc4 e4 14. Ne3 Qa5 15.
Qb3+ Kh8 16. f3 f4 17. gxf4 exf3 18. Rxf3 Qh5 19. Bd2 Bd7 20. Qd5 Qxd5 21. Nxd5
Rab8 22. e4 Bg4 23. Rg3 h5 24. Nxe7 Nxe7 25. c4 Nc6 26. h3 Be2 27. d5 Ne7 28.
Rc3 h4 29. c5 dxc5 30. Rxc5 Nc8 31. Rc7 Nd6 32. Bb4 Nb5 33. Bxf8 1-0

[Event "4NCL 2014-15"]
[Site "Hinckley Island ENG"]
[Date "2015.01.10"]
[Round "3.124"]
[White "Pitcher, John"]
[Black "Milliet, Sophie"]
[Result "1/2-1/2"]
[BlackTitle "IM"]
[WhiteElo "2232"]
[BlackElo "2390"]
[WhiteTeam "Warwickshire Select 1"]
[BlackTeam "Guildford 2"]
[WhiteFideId "411485"]
[BlackFideId "623725"]
[EventDate "2014.11.15"]

1. e4 c5 2. Nf3 d6 3. Bc4 Nf6 4. d3 Nc6 5. Nbd2 g6 6. O-O Bg7 7. Re1 O-O 8. a3
b6 9. Ba2 d5 10. Nf1 dxe4 11. dxe4 Qxd1 12. Rxd1 Bg4 13. Be3 Bxf3 14. gxf3 Nd4
15. Bxd4 cxd4 16. Rxd4 Nh5 17. Rb4 Rfd8 18. Re1 Rac8 19. c3 Nf4 20. Bb1 Rc5 21.
Ne3 Rg5+ 22. Ng4 h5 23. h4 Rc5 24. Ne3 Bf6 25. Ng2 Nxg2 26. Kxg2 Rd2 27. f4 Bxh4
28. Rf1 e5 29. f5 g5 30. Kf3 Rc8 31. Ba2 g4+ 32. Ke3 Rcd8 33. Bd5 Bg5+ 34. f4
Bxf4+ 35. Rxf4 R2xd5 36. Rxg4+ hxg4 37. exd5 Rxd5 38. Rxg4+ Kf8 39. Rc4 Ke7 40.
Rc6 Rd6 41. Rc7+ 1/2-1/2

[Event "4NCL 2014-15"]
[Site "Hinckley Island ENG"]
[Date "2015.01.10"]
[Round "3.125"]
[White "Wadsworth, Matthew J"]
[Black "Mason, Donald J"]
[Result "0-1"]
[WhiteElo "2064"]
[BlackElo "2138"]
[WhiteTeam "Guildford 2"]
[BlackTeam "Warwickshire Select 1"]
[WhiteFideId "415804"]
[BlackFideId "405116"]
[EventDate "2014.11.15"]

1. e4 e6 2. d4 d5 3. Nd2 Nf6 4. e5 Nfd7 5. Bd3 c5 6. c3 Nc6 7. Ne2 cxd4 8. cxd4
f6 9. exf6 Nxf6 10. Nf3 Bd6 11. O-O O-O 12. Bf4 Nh5 13. Bxd6 Qxd6 14. Qc2 Rxf3
15. gxf3 g6 16. Qd2 Bd7 17. Bb5 Rf8 18. Bxc6 Bxc6 19. Qe3 Bb5 20. Kh1 Nf4 21.
Nxf4 Qxf4 22. Rfe1 Qxf3+ 23. Qxf3 Rxf3 24. Kg2 Rf4 25. Rad1 Kf7 26. Re3 Ke7 27.
b3 g5 28. a4 Be8 29. Rc3 Kd6 30. Rd2 Bg6 31. h3 Be4+ 32. Kh2 h5 33. b4 h4 34. b5
e5 35. dxe5+ Kxe5 36. Rc7 d4 37. Rg7 d3 38. Rxg5+ Kd4 39. Ra2 Bd5 40. Rb2 Bc4
41. b6 axb6 42. Rg6 Kc3 43. Rb1 d2 44. Kg2 Bd3 0-1

[Event "4NCL 2014-15"]
[Site "Hinckley Island ENG"]
[Date "2015.01.10"]
[Round "3.126"]
[White "James, Ann-Marie"]
[Black "Povah, Nigel E"]
[Result "0-1"]
[WhiteTitle "WFM"]
[BlackTitle "IM"]
[WhiteElo "2068"]
[BlackElo "2324"]
[WhiteTeam "Warwickshire Select 1"]
[BlackTeam "Guildford 2"]
[WhiteFideId "403644"]
[BlackFideId "400467"]
[EventDate "2014.11.15"]

1. e4 c5 2. c3 d5 3. exd5 Qxd5 4. d4 Nc6 5. Nf3 Bf5 6. Be3 Nf6 7. Be2 cxd4 8.
cxd4 e6 9. O-O Be7 10. Nc3 Qd6 11. a3 O-O 12. Qb3 a6 13. Rfd1 Rfd8 14. Rac1 b5
15. g3 Na5 16. Qa2 Rac8 17. Ne5 Ne4 18. Bf4 Qb6 19. Be3 Nxc3 20. Rxc3 Rxc3 21.
bxc3 f6 22. Nd3 Nc4 23. Nf4 g5 24. Ng2 Qc6 25. Bc1 Be4 26. Ne3 Nxe3 27. Bxe3 Bd5
28. Qb2 Rc8 29. Bd2 Bh1 30. Bf1 h5 31. Re1 h4 32. Bc1 Kf7 33. Qe2 Rh8 34. c4
hxg3 35. fxg3 bxc4 36. Qxc4 a5 37. Re3 Rb8 38. Qxc6 Bxc6 39. Rc3 Bd5 40. Bg2 a4
41. Bxd5 exd5 42. Kg2 Ke6 43. g4 Kd7 44. Kf2 Rb3 45. Rf3 Kc6 46. Re3 Rxe3 47.
Kxe3 Bd6 48. Kd3 Bxh2 49. Bb2 Bd6 50. Ke2 Kd7 51. Kf3 Bf4 52. Bc3 Ke6 53. Bb4 f5
54. Bf8 fxg4+ 55. Kxg4 Bc1 56. Bc5 Kf6 57. Bb4 Bb2 58. Bc5 Bc3 59. Bb6 Kg6 60.
Bc5 Bb2 61. Be7 Bc1 62. Bc5 Kf6 63. Bb4 Ke6 64. Bc5 Kd7 65. Kf3 Kc6 66. Ke2 g4
67. Bb4 Kb5 68. Kf2 Kc4 69. Kg3 Kb3 70. Kxg4 Bxa3 0-1

[Event "4NCL 2014-15"]
[Site "Hinckley Island ENG"]
[Date "2015.01.10"]
[Round "3.127"]
[White "Ciuksyte, Dagne"]
[Black "Lam, Paul G M"]
[Result "1-0"]
[WhiteTitle "IM"]
[WhiteElo "2340"]
[BlackElo "2123"]
[WhiteTeam "Guildford 1"]
[BlackTeam "Warwickshire Select 1"]
[WhiteFideId "12800619"]
[BlackFideId "411566"]
[EventDate "2014.11.15"]

1. e4 Nf6 2. e5 Nd5 3. c4 Nb6 4. d4 d6 5. f4 dxe5 6. fxe5 g6 7. Nc3 Bg7 8. c5
Nd5 9. Bc4 c6 10. Nf3 O-O 11. O-O Nxc3 12. bxc3 b5 13. Bb3 Bg4 14. h3 Bxf3 15.
Qxf3 e6 16. Be3 a5 17. a4 b4 18. c4 Ra6 19. Qe4 Nd7 20. Rf2 Qe7 21. Raf1 f5 22.
exf6 Nxf6 23. Qh4 h6 24. Bxh6 Bxh6 25. Qxh6 Qg7 26. Qe3 Qe7 27. Qg5 Kg7 28. Bc2 1-0

[Event "4NCL 2014-15"]
[Site "Hinckley Island ENG"]
[Date "2015.01.10"]
[Round "3.128"]
[White "Stepanyan, Henrik"]
[Black "Wall, Gavin"]
[Result "0-1"]
[BlackTitle "IM"]
[WhiteElo "2042"]
[BlackElo "2321"]
[WhiteTeam "Warwickshire Select 1"]
[BlackTeam "Guildford 2"]
[WhiteFideId "401030"]
[BlackFideId "2501244"]
[EventDate "2014.11.15"]

1. d4 f5 2. e4 fxe4 3. Nc3 Nf6 4. Bg5 Nc6 5. d5 Ne5 6. Qe2 c6 7. f4 exf3 8. Nxf3
Nxf3+ 9. Qxf3 e6 10. Ne4 Qa5+ 11. Bd2 Qxd5 12. Nxf6+ gxf6 13. Qxf6 Rg8 14. Be2
Be7 15. Qh6 Rxg2 16. Qxh7 Bf6 17. Rf1 Qe5 18. Qh5+ Qxh5 19. Bxh5+ Ke7 20. Bb4+
d6 21. Bxd6+ Kxd6 22. Rxf6 Rxh2 23. Bg6 Rh1+ 24. Rf1 Rxf1+ 25. Kxf1 e5 26. Kf2
Be6 27. Ke3 Rg8 28. Rd1+ Bd5 29. Bd3 Rg3+ 30. Kf2 Rg2+ 31. Ke3 Ke7 32. a3 Rg3+
33. Kd2 Bf3 34. Re1 Kd6 35. Ke3 Rh3 36. b3 b5 37. a4 b4 38. a5 Bd5+ 39. Kd2 Rh2+
40. Ke3 Kc5 41. Bf5 Rg2 42. Kd3 Rg3+ 43. Re3 Rxe3+ 44. Kxe3 Kb5 45. Kd3 Kxa5 46.
c4 bxc3 47. Kxc3 c5 48. Bd3 Bc6 49. Be2 Bb5 50. Bf3 Bf1 51. Bg4 e4 52. Bf5 e3
53. Bg4 e2 54. Kd2 Kb4 55. Be6 a5 56. Bf7 a4 57. bxa4 Kxa4 58. Bc4 Kb4 59. Bd3
c4 60. Be4 c3+ 61. Ke1 Kb3 0-1

[Event "4NCL 2014-15"]
[Site "Hinckley Island ENG"]
[Date "2015.01.10"]
[Round "3.131"]
[White "Cobb, James"]
[Black "Collins, Sam E."]
[Result "0-1"]
[WhiteTitle "IM"]
[BlackTitle "IM"]
[WhiteElo "2423"]
[BlackElo "2490"]
[WhiteTeam "South Wales Dragons"]
[BlackTeam "Barbican 4NCL 1"]
[WhiteFideId "1800949"]
[BlackFideId "2501198"]
[EventDate "2014.11.15"]

1. Nf3 Nf6 2. d4 g6 3. Bg5 Bg7 4. Nbd2 O-O 5. c3 d5 6. e3 b6 7. Bd3 Ba6 8. Bxa6
Nxa6 9. O-O c5 10. Qe2 Qc8 11. e4 cxd4 12. cxd4 dxe4 13. Nxe4 Nc7 14. Nxf6+ exf6
15. Bf4 Nd5 16. Qd2 Re8 17. Rfe1 Qd7 18. h3 Bf8 19. Bg3 Red8 20. Red1 h5 21. Qd3
Nb4 22. Qb3 Qe6 23. Rac1 Nd5 24. Re1 Qd7 25. Nd2 Bh6 26. Rcd1 Re8 27. Ne4 Re6
28. Nc3 Rd8 29. Rxe6 fxe6 30. a4 Rc8 31. Re1 Nxc3 32. bxc3 Kf7 33. h4 Bd2 34.
Rd1 Bxc3 35. d5 e5 36. Rc1 Bd4 37. d6+ Kf8 38. Rxc8+ Qxc8 39. Qd5 Qd7 40. Bf4
Bxf2+ 41. Kxf2 exf4 42. Qd4 Qe6 43. Qb4 Qe3+ 44. Kf1 Qc1+ 45. Ke2 Qc5 46. Qxc5
bxc5 47. Kd3 Ke8 48. Kc4 g5 49. Kxc5 gxh4 50. Kc6 Kd8 0-1

[Event "4NCL 2014-15"]
[Site "Hinckley Island ENG"]
[Date "2015.01.10"]
[Round "3.132"]
[White "Turner, Matthew J"]
[Black "Cooper, John G"]
[Result "1-0"]
[WhiteTitle "GM"]
[BlackTitle "IM"]
[WhiteElo "2485"]
[BlackElo "2339"]
[WhiteTeam "Barbican 4NCL 1"]
[BlackTeam "South Wales Dragons"]
[WhiteFideId "402893"]
[BlackFideId "1800027"]
[EventDate "2014.11.15"]

1. c4 g6 2. g3 Bg7 3. Bg2 Nf6 4. Nc3 O-O 5. e4 d6 6. Nge2 c6 7. O-O a6 8. d4 b5
9. e5 Ne8 10. exd6 Nxd6 11. c5 Nc4 12. b3 Na5 13. Bg5 Bg4 14. h3 Bxe2 15. Nxe2
Ra7 16. Qd2 Rd7 17. Qe3 Re8 18. Rad1 Nb7 19. b4 Qc8 20. d5 cxd5 21. Bxd5 Nd8 22.
a3 Nbc6 23. Bh6 Bxh6 24. Qxh6 e6 25. Bg2 Ree7 26. Nc3 Rxd1 27. Rxd1 Rd7 28. Rd6
Rxd6 29. cxd6 f5 30. Qe3 Qd7 31. Qb6 Qxd6 32. Qxa6 Qe5 33. Bxc6 Qxc3 34. Bxb5
Qe1+ 35. Bf1 Nf7 36. Qe2 Qa1 37. Qxe6 Kg7 38. Qe3 Ne5 39. Kg2 1-0

[Event "4NCL 2014-15"]
[Site "Hinckley Island ENG"]
[Date "2015.01.10"]
[Round "3.133"]
[White "Dineley, Richard"]
[Black "Ferguson, Mark"]
[Result "0-1"]
[BlackTitle "IM"]
[WhiteElo "2253"]
[BlackElo "2415"]
[WhiteTeam "South Wales Dragons"]
[BlackTeam "Barbican 4NCL 1"]
[WhiteFideId "1800680"]
[BlackFideId "403547"]
[EventDate "2014.11.15"]

1. e4 e5 2. Nf3 Nc6 3. Bb5 a6 4. Ba4 Nf6 5. O-O Be7 6. Re1 b5 7. Bb3 O-O 8. a4
b4 9. d3 h6 10. Nbd2 Bc5 11. Nc4 d6 12. h3 Be6 13. a5 Nd4 14. Nxd4 Bxd4 15. Ra2
Nd7 16. Be3 Nc5 17. Bxd4 exd4 18. Nd2 Nxb3 19. Nxb3 Qg5 20. Qf3 Rab8 21. Raa1
Bxb3 22. cxb3 Rb5 23. Rac1 Rc5 24. Qd1 Re8 25. Rc4 Rxc4 26. bxc4 Qxa5 27. Qa1
Qg5 28. Qa4 Rb8 29. Rd1 a5 30. Qc6 Qd8 31. Ra1 Ra8 32. b3 Ra7 33. Ra4 Qa8 34.
Qd7 Qb8 35. Qc6 Kf8 36. Kh2 Qe8 37. Qd5 Qe5+ 38. Kg1 Qxd5 39. exd5 f5 40. g4
fxg4 41. hxg4 Ke7 42. Kg2 Kd7 43. Kf3 c5 44. dxc6+ Kxc6 45. Ke4 Kc5 46. Ra2 a4
47. bxa4 b3 48. Ra1 Re7+ 0-1

[Event "4NCL 2014-15"]
[Site "Hinckley Island ENG"]
[Date "2015.01.10"]
[Round "3.134"]
[White "Cox, John J"]
[Black "Redmond, John P."]
[Result "1/2-1/2"]
[WhiteTitle "IM"]
[WhiteElo "2361"]
[BlackElo "2249"]
[WhiteTeam "Barbican 4NCL 1"]
[BlackTeam "South Wales Dragons"]
[WhiteFideId "401064"]
[BlackFideId "2500051"]
[EventDate "2014.11.15"]

1. d4 e6 2. Nf3 f5 3. h3 d5 4. g4 c5 5. Nc3 Nc6 6. gxf5 cxd4 7. Nxd4 exf5 8. Bg2
Nf6 9. Bg5 Be7 10. Qd3 Nxd4 11. Qxd4 Be6 12. O-O-O O-O 13. Rhg1 Rf7 14. Qe3 Qb6
15. Qxb6 axb6 16. a3 Ne4 17. Bxe4 Bxg5+ 18. Rxg5 fxe4 19. Re5 Bxh3 20. Rdxd5 Bg2
21. Nxe4 Bxe4 22. Rxe4 Rxf2 23. Kd2 Rf7 24. Re6 g6 25. c4 Rc8 26. b3 Rc6 27.
Re8+ Kg7 28. e4 h5 29. e5 Rcc7 30. Ke3 Rce7 31. Rxe7 Rxe7 32. Ke4 g5 33. Kf5 g4
34. e6 g3 35. Rd2 h4 36. Rg2 Rxe6 37. Kxe6 Kg6 38. Rd2 Kg5 39. Ke5 Kg4 40. Ke4
h3 41. Rd8 h2 42. Rg8+ Kh5 43. Rh8+ Kg4 44. Rg8+ Kh5 45. Rh8+ 1/2-1/2

[Event "4NCL 2014-15"]
[Site "Hinckley Island ENG"]
[Date "2015.01.10"]
[Round "3.135"]
[White "Zeidler, Sven P."]
[Black "Taylor, Martin R"]
[Result "1/2-1/2"]
[WhiteTitle "FM"]
[BlackTitle "FM"]
[WhiteElo "2225"]
[BlackElo "2328"]
[WhiteTeam "South Wales Dragons"]
[BlackTeam "Barbican 4NCL 1"]
[WhiteFideId "1800604"]
[BlackFideId "407836"]
[EventDate "2014.11.15"]

1. e4 Nf6 2. Nc3 e5 3. Nf3 Nc6 4. a3 d5 5. Bb5 d4 6. Ne2 Bd7 7. d3 Bd6 8. O-O
Ne7 9. Bc4 Ng6 10. c3 dxc3 11. Nxc3 O-O 12. h3 Qe7 13. Bg5 Be6 14. Nd5 Bxd5 15.
Bxd5 h6 16. Bxf6 Qxf6 17. g3 c6 18. Ba2 Rad8 19. Rc1 Rd7 20. Nh2 Bc7 21. Ng4 Qd8
22. Rc3 Bb6 23. Qf3 Bd4 24. Rc2 h5 25. Nh2 Qg5 26. Kh1 Rd6 27. h4 Qh6 28. Qf5
Ne7 29. Qg5 Qxg5 30. hxg5 g6 31. Nf3 Kg7 32. Kg2 f6 33. gxf6+ Kxf6 34. Nxd4 Rxd4
35. f4 Kg7 36. Rf3 Nc8 37. Rcf2 exf4 38. Rxf4 Rxf4 39. Rxf4 Rxd3 40. Rf7+ Kh6
41. e5 Rd2+ 42. Kf3 Rxb2 43. Be6 Nb6 44. Rxb7 Rb5 45. Rxa7 Rxe5 46. Ra6 Rxe6 47.
Rxb6 Rf6+ 48. Kg2 Rd6 49. a4 Rd2+ 50. Kf3 Rd3+ 51. Kf2 Ra3 52. Rb4 Kg5 53. Rc4
Kf5 54. Rc5+ Kg4 55. Rc4+ Kf5 56. Kg2 g5 57. Rc5+ Kg4 58. Rc4+ Kf5 59. Rc5+ Kg4 1/2-1/2

[Event "4NCL 2014-15"]
[Site "Hinckley Island ENG"]
[Date "2015.01.10"]
[Round "3.136"]
[White "Morrison, Graham SCO"]
[Black "James, David J"]
[Result "1-0"]
[WhiteTitle "FM"]
[BlackTitle "FM"]
[WhiteElo "2364"]
[BlackElo "2149"]
[WhiteTeam "Barbican 4NCL 2"]
[BlackTeam "South Wales Dragons"]
[WhiteFideId "2400090"]
[BlackFideId "1800272"]
[EventDate "2014.11.15"]

1. d4 Nf6 2. c4 e6 3. Nf3 b6 4. g3 Ba6 5. b3 Bb4+ 6. Bd2 Be7 7. Bg2 c6 8. O-O d5
9. Qc2 O-O 10. Rd1 Nbd7 11. a4 Qc8 12. a5 c5 13. Na3 cxd4 14. Nxd4 bxa5 15. Bxa5
Bb7 16. cxd5 Qxc2 17. Naxc2 Nxd5 18. Bxd5 Bxd5 19. Ne3 Nf6 20. Nxd5 Nxd5 21. e4
Nf6 22. Nc6 Bc5 23. b4 Rfc8 24. bxc5 Rxc6 25. Bb6 Nxe4 26. Rxa7 Rf8 27. Ra5 h6
28. f3 Nf6 29. Rd6 Rfc8 30. Rxc6 Rxc6 31. Ra8+ Kh7 32. Ra7 Nd5 33. Rb7 Kg6 34.
h4 h5 35. Kf2 e5 36. Ke2 Kf6 37. Kd3 Ke6 38. Kc4 g6 39. Kb5 Rc8 40. Ba5 f5 41.
c6 e4 42. fxe4 fxe4 43. Kc5 Ne7 44. c7 e3 45. Rb6+ Kf7 46. Rb8 Ke6 47. Rxc8 Nxc8
48. Kd4 e2 49. Ke3 Kd7 50. Kxe2 Nd6 51. Kf3 Nc4 52. Bc3 Kxc7 53. Kf4 1-0

[Event "4NCL 2014-15"]
[Site "Hinckley Island ENG"]
[Date "2015.01.10"]
[Round "3.137"]
[White "Jameson, David"]
[Black "Rogers, Jonathan W"]
[Result "1/2-1/2"]
[BlackTitle "FM"]
[WhiteElo "2068"]
[BlackElo "2277"]
[WhiteTeam "South Wales Dragons"]
[BlackTeam "Barbican 4NCL 2"]
[WhiteFideId "1801538"]
[BlackFideId "402052"]
[EventDate "2014.11.15"]

1. e4 d5 2. exd5 Nf6 3. d4 Nxd5 4. Be2 Bf5 5. Nf3 e6 6. O-O Be7 7. Bd2 O-O 8. c4
Nf6 9. Qb3 Nc6 10. Rd1 Be4 11. Bc3 a5 12. Nbd2 Nb4 13. Bxb4 axb4 14. Nxe4 Nxe4
15. c5 Nf6 16. Qxb4 Nd5 17. Qb3 Bf6 18. Bc4 Qd7 19. Bxd5 Qxd5 20. Qxd5 exd5 21.
a4 Rfe8 22. Kf1 Re4 23. Rd2 g5 24. h3 h5 25. b3 g4 26. hxg4 hxg4 27. Nh2 Bxd4
28. Rad1 Bxc5 29. Rxd5 Be7 30. f3 gxf3 31. Nxf3 Rb4 32. R1d3 Ra6 33. Re3 Bf6 34.
Rc5 Rab6 35. Rxc7 Rxb3 36. Rxb3 Rxb3 37. Rc4 Kf8 38. Kf2 Ke7 39. Re4+ Kf8 40.
Rf4 Bd8 41. g4 Kg7 42. Ke2 Bc7 43. Rc4 Bb6 44. Nd4 Rb2+ 45. Kf3 Kf6 46. Kf4 Bxd4 1/2-1/2

[Event "4NCL 2014-15"]
[Site "Hinckley Island ENG"]
[Date "2015.01.10"]
[Round "3.138"]
[White "Regan, Natasha K"]
[Black "Lochte, Szilvia"]
[Result "1-0"]
[WhiteTitle "WIM"]
[WhiteElo "2051"]
[BlackElo "1934"]
[WhiteTeam "Barbican 4NCL 1"]
[BlackTeam "South Wales Dragons"]
[WhiteFideId "403067"]
[BlackFideId "708410"]
[EventDate "2014.11.15"]

1. e4 c5 2. d4 cxd4 3. c3 dxc3 4. Nxc3 e6 5. Nf3 a6 6. Bc4 b5 7. Bb3 Bb7 8. Qe2
d6 9. O-O Nd7 10. Rd1 Ngf6 11. a3 Qc7 12. Bf4 Nc5 13. Bc2 e5 14. Bg5 Be7 15.
Rac1 O-O 16. b4 Ncd7 17. Bb3 Qb8 18. Nh4 Nd5 19. Bxe7 Nxe7 20. Rd3 Nf6 21. Rcd1
Qc7 22. Rg3 Rad8 23. Qe3 Nh5 24. Rg5 g6 25. Rxh5 gxh5 26. Qg5+ Kh8 27. Qf6+ Kg8
28. Rd3 d5 29. Rg3+ Ng6 30. Nf5 1-0

[Event "4NCL 2014-15"]
[Site "Hinckley Island ENG"]
[Date "2015.01.10"]
[Round "3.141"]
[White "Wells, Peter K"]
[Black "Richardson, John R"]
[Result "1/2-1/2"]
[WhiteTitle "GM"]
[BlackTitle "FM"]
[WhiteElo "2457"]
[BlackElo "2334"]
[WhiteTeam "White Rose 1"]
[BlackTeam "The AD's"]
[WhiteFideId "400327"]
[BlackFideId "401617"]
[EventDate "2014.11.15"]

1. d4 Nf6 2. c4 e6 3. Nf3 d5 4. Nc3 Bb4 5. Bg5 c5 6. cxd5 exd5 7. e3 Nbd7 8. Bd3
Qa5 9. Qc2 c4 10. Bf5 O-O 11. O-O g6 12. Bxd7 Nxd7 13. e4 Bxc3 14. bxc3 dxe4 15.
Qxe4 Nb6 16. Bh6 Rd8 17. Qh4 Nd5 18. Rfe1 f6 19. Rab1 Qa6 20. Rb2 Bd7 21. Rbe2
Re8 22. Qg3 1/2-1/2

[Event "4NCL 2014-15"]
[Site "Hinckley Island ENG"]
[Date "2015.01.10"]
[Round "3.142"]
[White "Merry, Alan B"]
[Black "Webb, Matthew D"]
[Result "0-1"]
[WhiteTitle "FM"]
[WhiteElo "2349"]
[BlackElo "2194"]
[WhiteTeam "The AD's"]
[BlackTeam "White Rose 1"]
[WhiteFideId "418811"]
[BlackFideId "418250"]
[EventDate "2014.11.15"]

1. Nf3 c5 2. g3 d5 3. Bg2 Nc6 4. d4 Nf6 5. O-O e6 6. c4 Be7 7. cxd5 exd5 8. dxc5
Bxc5 9. Nc3 O-O 10. a3 Ne4 11. Qxd5 Nxc3 12. Qxc5 Nxe2+ 13. Kh1 Nxc1 14. Raxc1
Qf6 15. b4 Bg4 16. Ng5 Rad8 17. Ne4 Qg6 18. f3 Bf5 19. b5 Nd4 20. Qxa7 Nxf3 21.
Nc3 Nd2 22. Rf4 Be6 23. Qxb7 Qd3 24. Qe7 Rc8 25. Bc6 Qe3 26. Qb4 Rfd8 27. Rg1
Rd3 28. Ne4 h6 29. Qc5 Nxe4 30. Qxe3 Rxe3 31. Ra1 Ng5 32. Rd4 Re2 33. h4 Rxc6
34. hxg5 Rcc2 35. b6 Rh2+ 36. Kg1 Rcg2+ 37. Kf1 Bh3 0-1

[Event "4NCL 2014-15"]
[Site "Hinckley Island ENG"]
[Date "2015.01.10"]
[Round "3.143"]
[White "McNab, Colin A"]
[Black "Wheeler, Darren P"]
[Result "1-0"]
[WhiteTitle "GM"]
[WhiteElo "2426"]
[BlackElo "2268"]
[WhiteTeam "White Rose 1"]
[BlackTeam "The AD's"]
[WhiteFideId "2400030"]
[BlackFideId "410136"]
[EventDate "2014.11.15"]

1. c4 e6 2. Nf3 d5 3. g3 c5 4. Bg2 Nc6 5. O-O Nf6 6. e3 Be7 7. b3 O-O 8. Bb2 Ne4
9. d4 Bf6 10. Ne5 Qb6 11. Nxc6 Qxc6 12. Nd2 cxd4 13. Nxe4 dxe4 14. exd4 Be7 15.
Qe2 f5 16. f3 exf3 17. Bxf3 Qb6 18. c5 Qc7 19. b4 Bf6 20. Rad1 Bd7 21. Bc1 g5
22. d5 exd5 23. Bxd5+ Kg7 24. Qg2 Rab8 25. Bb2 a5 26. a3 axb4 27. axb4 Rfe8 28.
Bxf6+ Kxf6 29. Qh3 Kg6 30. Bf7+ Kg7 31. Rd6 Qxd6 32. cxd6 Kxf7 33. Qxh7+ 1-0

[Event "4NCL 2014-15"]
[Site "Hinckley Island ENG"]
[Date "2015.01.10"]
[Round "3.144"]
[White "Snape, Ian L"]
[Black "Adair, James R"]
[Result "0-1"]
[BlackTitle "IM"]
[WhiteElo "2161"]
[BlackElo "2421"]
[WhiteTeam "The AD's"]
[BlackTeam "White Rose 1"]
[WhiteFideId "404489"]
[BlackFideId "406252"]
[EventDate "2014.11.15"]

1. e4 c5 2. Nf3 Nc6 3. d4 cxd4 4. Nxd4 e6 5. Nc3 Qc7 6. Be3 a6 7. Qd2 Nf6 8.
O-O-O Be7 9. f3 b5 10. g4 Nxd4 11. Bxd4 Bb7 12. Bg2 Rc8 13. e5 b4 14. exf6 bxc3
15. Bxc3 Bxf6 16. Bxf6 gxf6 17. Kb1 a5 18. h4 a4 19. Rhe1 h5 20. Rh1 a3 21. b3
hxg4 22. c4 gxf3 23. Bf1 Be4+ 24. Bd3 Qe5 25. Bxe4 Qxe4+ 26. Qd3 f5 27. Kc1 d5
28. Qc3 Rxh4 29. Rxh4 Qxh4 30. Qxf3 Qf6 31. Kd2 dxc4 32. bxc4 Rxc4 33. Qxa3 Qd8+ 0-1

[Event "4NCL 2014-15"]
[Site "Hinckley Island ENG"]
[Date "2015.01.10"]
[Round "3.145"]
[White "Gourlay, Iain"]
[Black "Swindells, Jonathan E"]
[Result "1/2-1/2"]
[WhiteTitle "FM"]
[WhiteElo "2378"]
[BlackElo "2137"]
[WhiteTeam "White Rose 1"]
[BlackTeam "The AD's"]
[WhiteFideId "2401533"]
[BlackFideId "421863"]
[EventDate "2014.11.15"]

1. d4 Nf6 2. c4 g6 3. Nc3 Bg7 4. e4 d6 5. h3 O-O 6. Be3 e5 7. d5 Na6 8. Nf3 Nc5
9. Qc2 a5 10. Be2 Nfd7 11. g4 Nb6 12. O-O-O Bd7 13. Bxc5 dxc5 14. Rdg1 c6 15. h4
cxd5 16. cxd5 c4 17. h5 Nc8 18. Bxc4 Nd6 19. Bd3 b5 20. Kb1 a4 21. Nd1 Qb6 22.
Qd2 b4 23. Ne3 Bb5 24. Rc1 Qa6 25. Ne1 Bxd3+ 26. Qxd3 Qxd3+ 27. Nxd3 Nxe4 28.
Nc4 a3 29. Rce1 Nf6 30. Nxb4 axb2 31. f3 Rfb8 32. Nc6 Rb5 33. Nd6 Rb6 34. Nc4
Rb5 35. Nd6 Rb6 36. Nc4 1/2-1/2